000 01243nam a2200349 i 4500
001 bg
003 BPK
005 20200709140439.0
008 981026s1986 pl a f |000 0 pol
015 _aPB 1986/6262
020 _a8302026360
040 _aWA N
_cBPK
041 0 _apol
080 _a621.38
080 _a(075.3+076)
100 1 _aChwaleba, Augustyn.
245 1 0 _aPracownia elektroniczna :
_bpodręcznik dla technikum.
_nCz. 2,
_pUkłady elektroniczne /
_cAugustyn Chwaleba, Bogdan Moeschke.
250 _aWyd. 3 popr. i uzup.
260 _aWarszawa :
_bWydawnictwa Szkolne i Pedagogiczne
_c1986.
300 _a254, [2] s. :
_brys., wykr. ;
_c24 cm.
500 _aAut. cz. 1 : A. Chwaleba, B. Moeschke, M. Pilawski.
521 _aDla kl. V tech. elektron.
650 4 _aUkład elektroniczny
655 4 _aĆwiczenia i zadania dla szkół zawodowych
700 1 _aMoeschke, Bogdan.
700 1 _aPilawski, Marek.
700 1 _aChwaleba, Augustyn.
700 1 _aMoeschke, Bogdan.
710 2 _aWydawnictwa Szkolne i Pedagogiczne.
_4pbl.
856 _uhttp://koha.tu.koszalin.pl/cgi-bin/koha/opac-detail.pl?biblionumber=44118
_yKatalog online BPK
942 _2UKD
_cKS
999 _c44118
_d44118